Catálogo

El pasaje : (Registro nro. 65537)

Detalles MARC
000 -LEADER
fixed length control field 01169cam a2200313 i 4500
001 - CONTROL NUMBER
control field 65537
003 - CONTROL NUMBER IDENTIFIER
control field Mx-PuUPA
005 - DATE AND TIME OF LATEST TRANSACTION
control field 20240410104238.0
008 - FIXED-LENGTH DATA ELEMENTS--GENERAL INFORMATION
fixed length control field 160616s2009 ag a r 000 0 spa d
020 ## - INTERNATIONAL STANDARD BOOK NUMBER
International Standard Book Number 9789508891822
040 ## - CATALOGING SOURCE
Original cataloging agency Mx-PuUPA
Language of cataloging spa
Transcribing agency Mx-PuUPA
Modifying agency Mx-PuUPA
Description conventions rda
041 1# - LANGUAGE CODE
Language code of text/sound track or separate title spa
Language code of original fre
100 1# - MAIN ENTRY--PERSONAL NAME
Personal name Agacinski, Syviane,
Relator term autor
9 (RLIN) 2072
240 13 - UNIFORM TITLE
Uniform title Le passeur de temps - Modernité et nostalgie.
Language of a work Español
245 13 - TITLE STATEMENT
Title El pasaje :
Remainder of title tiempo, modernidad y nostalgia /
Statement of responsibility, etc. Sylviane Agacinski ; traducido por Víctor Goldstein
250 ## - EDITION STATEMENT
Edition statement 1a edición
264 #1 - PRODUCTION, PUBLICATION, DISTRIBUTION, MANUFACTURE, AND COPYRIGHT NOTICE
Place of production, publication, distribution, manufacture Buenos Aires :
Name of producer, publisher, distributor, manufacturer La Marca Editora,
Date of production, publication, distribution, manufacture, or copyright notice 2009
300 ## - PHYSICAL DESCRIPTION
Extent 195 páginas :
Other physical details Láminas (en blanco y negro) ;
Dimensions 20 cm.
336 ## - CONTENT TYPE
Content type term texto
Fuente rdacontent
Content type code txt
337 ## - MEDIA TYPE
Media type term sin medio
Source rdamedia
Media type code n
338 ## - CARRIER TYPE
Carrier type term volumen
Source rdacarrier
Carrier type code nc
490 0# - SERIES STATEMENT
Series statement Biblioteca de los confines/Nicoleas Casullo ;
Volume/sequential designation 7
650 #4 - SUBJECT ADDED ENTRY--TOPICAL TERM
Topical term or geographic name entry element Ensayo filosófico
700 1# - ADDED ENTRY--PERSONAL NAME
Personal name Goldstein, Victor,
Relator term traductor
765 08 - ORIGINAL LANGUAGE ENTRY
Main entry heading Agacinski, Syviane,
Place, publisher, and date of publication París, Éditions du Seuil, 2000
Title Le passeaur de temps - Modernité et nostalgie
942 ## - ADDED ENTRY ELEMENTS (KOHA)
Source of classification or shelving scheme Dewey Decimal Classification
Koha item type Libro
Classification part 844
Item part A259
Existencias
Withdrawn status Lost status Source of classification or shelving scheme Damaged status Not for loan Collection code Home library Current library Shelving location Date acquired Source of acquisition Full call number Barcode Date last seen Price effective from Koha item type
    Dewey Decimal Classification   Consulta en sala Magisterial Biblioteca Karol Wojtyla Biblioteca Karol Wojtyla Sala general 16/06/2016 Compra 844 A259 2009 95721 24/01/2022 14/06/2017 Magisterial